Famous Cello Concertos - Statistics

General Stats
  • This quiz has been taken 738 times
  • The average score is 6 of 9
Answer Stats
Hint Answer % Correct
1894-95, B Minor Antonín Dvořák
84%
1918-1919, E Minor Edward Elgar
83%
1783, D Major Joseph Haydn
81%
18th century, G Minor, 2 cellos Antonio Vivaldi
69%
1872, A Minor Camille Saint-Saëns
62%
1959, E-flat Major Dmitri Shostakovich
60%
1850, A Minor Robert Schumann
60%
1760s-1770s (rev. 1895), B-flat Major Luigi Boccherini (Friedrich Grützmacher)
44%
1876, D Minor Eduard Lalo
34%
No matching quizzes found
Score Distribution
Percent of People with Each Score
Percentile by Number Answered
Your Score History
You have not taken this quiz